000 00885cac a2200301 i 4500
003 EG-GICUC
005 20260121101545.0
008 950502s1987 nyu frb 001 0 eng d
040 _aDLC
_cDLC
_dDLC
_dEG-GICUC
_beng
_erda
043 _an-us---
050 0 0 _aKF9219
_b.D74 1995
082 0 0 _a343.1
_221
092 0 4 _221
099 _aLaw 10 1987
100 1 _aDressler, Joshua.
245 1 0 _aUnderstanding criminal law /
_cJoshua Dressler.
264 _aNew York :
_bMatthew Bender/Irwin,
_c1987.
300 _axli, 540, pages ;
_c24 cm.
336 _atext
_btxt
_2rdacontent
337 _aunmediated
_bn
_2rdamedia
338 _avolume
_bnc
_2rdacarrier
440 0 _aLegal text series
500 _aIncludes index.
650 0 _aCriminal law
_zUnited States.
856 4 0 _uhttps://fll.law.cu.edu.eg/fulltext/bks/ENGB10-00117.pdf
905 _a10
942 _2ddc
_cBK
_e21
_n0
999 _c52984
_d52984